Online
Catalog

Desde un costado de la (des) memoria / (Record no. 59749)

MARC details
000 -CABECERA
campo de control de longitud fija 02240nam a2200313 i 4500
003 - IDENTIFICADOR DEL NÚMERO DE CONTROL
campo de control DO-SdBNP
005 - FECHA Y HORA DE LA ÚLTIMA TRANSACCIÓN
campo de control 20250811073846.0
007 - CAMPO FIJO DE DESCRIPCIÓN FÍSICA--INFORMACIÓN GENERAL
campo de control de longitud fija ta
008 - DATOS DE LONGITUD FIJA--INFORMACIÓN GENERAL
campo de control de longitud fija 250811t2025 dr 000 0 spa d
020 ## - NÚMERO INTERNACIONAL ESTÁNDAR DEL LIBRO
ISBN cancelado o inválido 9789945952032
040 ## - FUENTE DE LA CATALOGACIÓN
Centro catalogador/agencia de origen DO-SdBNP
Lengua de catalogación spa
Centro/agencia transcriptor BNPHU
Normas de descripción rda
041 ## - CÓDIGO DE LENGUA
Código de lengua del texto/banda sonora o título independiente spa
082 ## - NÚMERO DE LA CLASIFICACIÓN DECIMAL DEWEY
Número de clasificación xxxx
Número de documento/Ítem O49
Número de edición 22
100 1# - ENTRADA PRINCIPAL--NOMBRE DE PERSONA
Nombre de persona Olivo Peña, Gustavo
Fechas asociadas al nombre 1958-
Término indicativo de función/relación autor
Código de función/relación aut.
9 (RLIN) 73547
245 10 - MENCIÓN DE TÍTULO
Título Desde un costado de la (des) memoria /
Mención de responsabilidad, etc. Gustavo Olivo Peña ; presentación, Rafael Peralta Romero
250 ## - MENCIÓN DE EDICIÓN
Mención de edición Primera edición
264 ## - PRODUCCIÓN, PUBLICACIÓN, DISTRIBUCIÓN, FABRICACIÓN Y COPYRIGHT
Producción, publicación, distribución, fabricación y copyright Santo Domingo :
Nombre del de productor, editor, distribuidor, fabricante Río de Oro Editores,
Fecha de producción, publicación, distribución, fabricación o copyright 2025.
300 ## - DESCRIPCIÓN FÍSICA
Extensión 93 páginas
Dimensiones 22 cm.
336 ## - TIPO DE CONTENIDO
Término de tipo de contenido texto
Código de tipo de contenido txt
Fuente rdacontent
337 ## - TIPO DE MEDIO
Nombre/término del tipo de medio sin mediación
Código del tipo de medio n
Fuente rdamedia
338 ## - TIPO DE SOPORTE
Nombre/término del tipo de soporte volumen
Código del tipo de soporte nc
Fuente rdacarrier
490 1# - MENCIÓN DE SERIE
Mención de serie Logos
500 ## - NOTA GENERAL
Nota general Incluye datos biográficos del autor en la solapa de la cubierta.
520 ## - SUMARIO, ETC.
Sumario, etc. Jueces, maestros, policías, militares de pistola y fusta, muertos vivos, engendros de la noche y reflexivos homicidas habitan estas páginas… Una implacable vitrina variopinta de ejemplares cercados por sus circunstancias, siempre al borde del desbarrancadero de lo humano, encarnando pasiones, dolores, añoranzas, indecibles crueldades o altruismos, viviendo, en fin, respirando, amando y muriendo en buena lid bajo el mágico hechizo que nos depara la ficción…<br/>Como un discreto y detallista orfebre, Olivo ha ido poblando su mundo literario con historias y seres que pugnan por entrar a un imaginario más vasto, tornándose metáforas de elevado nivel. Un juez ya no es un juez, sino la «justicia», un asesino es un espejo, un artista, un abismo…<br/>Nada desdeña Olivo, ni se encasilla en fronteras genéricas. Con la misma soltura transita del texto clásico y realista a la nota folclórica, la crónica popular y el mito, construyendo una obra que empieza a dialogar con las mejores tradiciones del cuento latinoamericano. Amenos, conmovedores, impactantes, estos relatos concebidos «desde un costado de la des(memoria)» nos mirarán de frente, grabándose en el alma. Muchos no podrán sostener la mirada.
590 ## - NOTA LOCAL (RLIN)
Nota local Inventariado, 2025/ YL
700 1# - PUNTO DE ACCESO ADICIONAL--NOMBRE DE PERSONA
Nombre de persona Peralta Romero, Rafael,
Fechas asociadas al nombre 1948-
Término indicativo de función/relación presentación
Código de función/relación pre.
9 (RLIN) 79774
910 ## - DATOS DE OPCIÓN DEL USUARIO (OCLC)
Datos de opción del usuario YLockward
942 ## - ELEMENTOS DE PUNTO DE ACCESO ADICIONAL (KOHA)
Fuente del sistema de clasificación o colocación Dewey Decimal Classification
Tipo de ítem Koha Libro
Holdings
Estado de retiro Estado de pérdida Fuente del sistema de clasificación o colocación Restricciones de uso No para préstamo Código de colección Localización permanente Ubicación/localización actual Ubicación en estantería Fecha de adquisición Fuente de adquisición Total de préstamos Signatura topográfica completa Código de barras Fecha visto por última vez Precio válido a partir de Tipo de ítem Koha Número de copia
    Dewey Decimal Classification Excluido de préstamo   Patrimonio Dominicano Biblioteca Nacional Pedro Henríquez Ureña Biblioteca Nacional Pedro Henríquez Ureña En catalogación 30.07.2025 Depósito Legal   BNPHU PD xxxx O49 2025-8130 11.08.2025 11.08.2025 Libro  
    Dewey Decimal Classification Excluido de préstamo   Patrimonio Dominicano Biblioteca Nacional Pedro Henríquez Ureña Biblioteca Nacional Pedro Henríquez Ureña En catalogación 30.07.2025 Depósito Legal   BNPHU PD xxxx O49 2025-8131 11.08.2025 11.08.2025 Libro e. 2
    Dewey Decimal Classification Préstamo en sala   Dominicana de Servicio Biblioteca Nacional Pedro Henríquez Ureña Biblioteca Nacional Pedro Henríquez Ureña En catalogación 30.07.2025 Depósito Legal   BNPHU DS xxxx O49 2025-8132 11.08.2025 11.08.2025 Libro e. 3

Powered by Koha